Творчеството : начинът да си (Запис номер 526599)
[ съкратено ]
| 000 -Лидер | |
|---|---|
| Лидер | 01156nam a2200277 a 4500 |
| 003 - Код на организацията, давaща контролен номер | |
| Код на организацията, даваща контролен номер | BLK |
| 005 - Дата и час на последна редакция | |
| Дата и час на последна редакция | 20250321165857.0 |
| 008 - Елементи от данни с фиксирана дължина | |
| Елементи с фиксирана дължина | 180410b bul|||||r ||||||| ||bul|| |
| 020 ## - Международен стандартен номер на книга ISBN | |
| ISBN | 9786190115236 |
| 040 ## - Източник на каталожния запис | |
| Код на библиотеката | BLK |
| 041 ## - Код за език | |
| Език | Български |
| Език за КДБФ | Български |
| 080 ## - УДК | |
| УДК текст | Въображение. Фантазия. Форми и граници на въображението. Творчество |
| УДК код | 159.954 |
| УДК – код + определител | 159.954 |
| 9 (RLIN) | 229731 |
| 084 ## - Класификационен индекс по друга класификация | |
| Авторски знак | Руби - Р 90 |
| 100 ## - Редна дума - Автор | |
| Автор | Рубин, Рик |
| R(LIN) | 497267 |
| 245 ## - Сведения за заглавието | |
| Заглавие | Творчеството : начинът да си |
| Авторска отговорност | Рик Рубин; прев. от англ. Румяна Автанска. |
| 257 ## - Страна на издаване | |
| Страна на създаване/издаване | България |
| 260 ## - Област на издателските данни | |
| Място на издаване | София |
| Име на издателя | Изток-Запад |
| Година на издаване | 2025 |
| 9 (RLIN) | 210881 |
| 300 ## - Физическа характеристика | |
| Брой страници | 420 с. |
| Размер | 22 см |
| 500 ## - Общи забележки | |
| Обща забележка | Ориг. загл. The creative act : The Way of Being/ Rick Rubin |
| 650 #0 - Допълнително описание по предмет – тема | |
| Предметна рубрика | Творчество - психология |
| 9 (RLIN) | 259876 |
| 700 1# - Други автори (авторска отговорност) | |
| Друг автор | Автанска, Румяна Славова |
| 9 (RLIN) | 29406 |
| 852 ## - Местоположение | |
| Отдел | Заемна - подръчен фонд |
| Систематично-азбучна сигнатура | 159.954/Р 90 Р |
| 942 ## - АРТИКУЛИ | |
| Вид на библиотечния документ | Книги |
| Скрит в OPAC | Не |
| Периодичен библиозапис | Да |
| Koha issues (borrowed), all copies | 1 |
| 944 ## - СЪЗДАВАНЕ И РЕДАКЦИЯ на ЗАПИСА | |
| Създаване/Редакция | |
| Дата на регистрацията/редакция | Севдалина Тодорова |
| Служител, извършил регистрацията/редакцията | 30575 |
| Номер на служител | Мартин Енчев |
| 999 ## - СИСТЕМНИ КОНТРОЛНИ НОМЕРА | |
| Koha biblionumber | 526599 |
| Koha biblioitemnumber | 526599 |
| Код за отписване | Код за изгубен артикул | Източник на класификационната схема | Код за повреда | Код за отдаване | Артикулен № | Име на библиотеката - собственик | Име на библиотеката, в която се намира в момента | Статус (Текущо местоположение) | Дата на вписване в системата | Местоположение - отдел | Цена в лева | Инвентарен номер | Систематично азбучна сигнатура | Баркод | Цена в евро | Служебен тип на артикула |
|---|---|---|---|---|---|---|---|---|---|---|---|---|---|---|---|---|
| Не е изгубен | Universal Decimal Classification | Не е повреден | заемане за дома | 960514 | Регионална библиотека "Любен Каравелов" Русе | Регионална библиотека "Любен Каравелов" Русе | Заемна - подръчен фонд | 2025-02-07 | Заемна - подръчен фонд | 29.92 | 120000917703 | 159.954/Р 90 Р | 120000917703 | 15.30 | Книги |